000 00417nam a2200169Ia 4500
003 GCL
008 140319s9999 xx 000 0 eng d
040 _aGCL /
_cGCL
082 0 4 _a336.205
_bW L
100 1 _aWORLD BANK
245 1 0 _aLESSONS OF TEX REFORM /
_cWORLD BANK
260 _a[S.N] :
_bWORLD BANK ،
_c1991
300 _a83 P P
650 0 4 _aTAXATION
650 0 4 _aDEVELOPING COUNTRIES
942 _2ddc
_cBK
999 _c11309
_d11309